000
00259nam a22001217a 4500
999
_c
9567
_d
9567
003
OSt
005
20210705103656.0
008
210705b ||||| |||| 00| 0 eng d
020
_a
9789881668851
082
_a
741.6
245
_a
Way of the sign III
942
_2
ddc